On This Day: May 29th II Quiz Stats

 Plays Quiz Updated May 29, 2018

Score 0/7 Timer 03:00
0 Plays Today
Question Answer Wrong Answers
Pharmacist John Pemberton begins to advertise this carbonated soft drink for the first time, which he had originally invented as a patent medicine.
1886
Coca-Cola
95.9%
Mountain Dew
1.4%
Mug Root Beer
1.9%
Squirt
0.5%
This man records his version of the Irving Berlin song, ‘White Christmas’, becoming the world's best-selling single.
1942
Bing Crosby
89.6%
Dean Martin
0.8%
Nat King Cole
3%
Frank Sinatra
4.3%
US President Ronald Reagan arrives in Moscow for a superpower summit with Soviet leader ______, his first visit to the Soviet Union.
1988
Mikhail Gorbachev
89.1%
Boris Yeltsin
6.9%
Konstantin Chernenko
1.2%
Lech Wałęsa
0.2%
This American lieutenant and politician, the 35th President of the United States, is born in Brookline, Massachusetts.
1917
John F. Kennedy
82.1%
Lyndon B. Johnson
7.6%
Richard Nixon
4.3%
Jimmy Carter
4.2%
Today known as ‘The Ocean State’, ______ becomes the last of the original colonies to ratify the United States Constitution, and is admitted as the 13th state.
1790
Rhode Island
74.4%
Georgia
5.5%
Maine
18.6%
New York
1.4%
______ beats out rival Magic Johnson for the NBA Rookie of the Year award.
1980
Larry Bird
72.4%
Julius Erving
14.6%
Clyde Drexler
3.1%
Isiah Thomas
7.5%
This city, today the capital of Chad, is founded as Fort-Lamy by the French commander Émile Gentil.
1900
N'Djamena
50.9%
Brazzaville
16.1%
Lagos
16.1%
Freetown
15.6%

You're not logged in!

Compare scores with friends on all Sporcle quizzes.
OR
Log In

Sporcle TV

Today on Sporcle TV


Watch our educational content, quiz creation guides, and fun videos on Sporcle TV.

Show Comments

Extras

Top Quizzes Today


Score Distribution

Your Account Isn't Verified!

In order to create a playlist on Sporcle, you need to verify the email address you used during registration. Go to your Sporcle Settings to finish the process.

Report this User

Report this user for behavior that violates our Community Guidelines.

Details: